First-Level Subdivisions of England With a Map - Statistics

General Stats
  • This quiz has been taken 510 times
  • The average score is 34 of 71
Answers on the Map
Answers color-coded by a green-red scale on the quiz's map according to % correct below.
 
Answer Stats
Type Answer % Correct
Authority Greater London
94%
Combined Authority York and North Yorkshire
85%
Combined Authority Greater Manchester
84%
Unitary Authority Cornwall
82%
Combined Authority West of England
79%
Combined Authority Liverpool City Region
78%
Non-Metropolitan County Essex
75%
Unitary Authority Isle of Wight
72%
Combined Authority Hull and East Yorkshire
69%
Non-Metropolitan County Norfolk
69%
Non-Metropolitan County Oxfordshire
69%
Non-Metropolitan County Kent
68%
Combined Authority Cambridgeshire and Peterborough
67%
Combined County Authority Devon and Torbay
67%
Unitary Authority Southampton
67%
Non-Metropolitan County Suffolk
67%
Non-Metropolitan County East Sussex
65%
Unitary Authority Leicester
64%
Non-Metropolitan County West Sussex
64%
Combined Authority West Yorkshire
64%
Combined County Authority Greater Lincolnshire
63%
Unitary Authority Somerset
62%
Combined Authority South Yorkshire
62%
Unitary Authority Plymouth
59%
Non-Metropolitan County Gloucestershire
58%
Non-Metropolitan County Hampshire
58%
Combined Authority West Midlands
58%
Unitary Authority Dorset
57%
Non-Metropolitan County Worcestershire
57%
Unitary Authority Brighton and Hove
56%
Non-Metropolitan County Surrey
55%
Combined County Authority Lancashire
53%
Unitary Authority Buckinghamshire
52%
Non-Metropolitan County Leicestershire
52%
Unitary Authority Rutland
52%
Unitary Authority Herefordshire
50%
Unitary Authority Bedford
49%
Unitary Authority Shropshire
49%
Non-Metropolitan County Warwickshire
49%
Unitary Authority Portsmouth
48%
Unitary Authority Wiltshire
48%
Unitary Authority Cheshire West and Chester
45%
Unitary Authority Reading
45%
Non-Metropolitan County Staffordshire
45%
Non-Metropolitan County Hertfordshire
44%
Unitary Authority Bournemouth, Christchurch and Poole
42%
Unitary Authority Cumberland
39%
Unitary Authority Southend-on-Sea
39%
Unitary Authority Slough
35%
Combined County Authority East Midlands
33%
Unitary Authority Luton
33%
Unitary Authority Stoke-on-Trent
33%
Unitary Authority Swindon
30%
Sui Generis Unitary Authority Isles of Scilly
29%
Unitary Authority Milton Keynes
28%
Unitary Authority Cheshire East
24%
Unitary Authority Windsor and Maidenhead
23%
Unitary Authority Westmorland and Furness
22%
Unitary Authority Medway
21%
Unitary Authority Telford and Wrekin
21%
Unitary Authority Warrington
21%
Unitary Authority West Berkshire
21%
Unitary Authority West Northamptonshire
19%
Unitary Authority North Northamptonshire
17%
Combined Authority North East
16%
Unitary Authority North Somerset
15%
Unitary Authority Thurrock
13%
Unitary Authority Wokingham
13%
Unitary Authority Central Bedfordshire
11%
Unitary Authority Bracknell Forest
10%
Combined Authority Tees Valley
10%
No matching quizzes found
Score Distribution
Percent of People with Each Score
Percentile by Number Answered
Your Score History
You have not taken this quiz